Maturitní otázky z dějepisu : kompletní průvodce českými a světovými dějinami /

Hlavní autor: Šmíd, Marek, 1979-
Jazyk: Čeština
Vydáno: [Praha] : [Marek Šmíd], [2026]
Témata:
Fyzický popis: 416 stran : ilustrace (převážně barevné), mapy, portréty, faksimile ; 25 cm
Knihy
Uloženo v:
LEADER 02290nam a2200589 i 4500
001 nkc20253720923
003 CZ PrNK
005 20260316123015.0
007 ta
008 251119s2026 xr abchd f 000 0 cze
015 |a cnb003720923 
020 |a 978-80-11-07863-8  |q (brožováno) :  |c Kč 599,00 
035 |a (OCoLC)1584376314 
040 |a BOA001  |b cze  |e rda 
043 |a e-xr--- 
072 7 |a 93/94  |x Dějiny (obecně)  |2 Konspekt  |9 8 
072 7 |a 37.016  |x Učební osnovy. Vyučovací předměty. Učebnice  |2 Konspekt  |9 22 
080 |a 93/94  |2 MRF 
080 |a 94(100)  |2 MRF 
080 |a 373.5.016  |2 MRF 
080 |a 373.5.091.274/.275  |2 MRF 
080 |a 94(437.3)  |2 MRF 
080 |a (437.3)  |2 MRF 
080 |a (035)  |2 MRF 
100 1 |a Šmíd, Marek,  |d 1979-  |7 ola2007364971  |4 aut  |4 pbl 
245 1 0 |a Maturitní otázky z dějepisu :  |b kompletní průvodce českými a světovými dějinami /  |c Marek Šmíd 
264 1 |a [Praha] :  |b [Marek Šmíd],  |c [2026] 
264 4 |c ©2026 
300 |a 416 stran :  |b ilustrace (převážně barevné), mapy, portréty, faksimile ;  |c 25 cm 
336 |a text  |b txt  |2 rdacontent 
337 |a bez média  |b n  |2 rdamedia 
338 |a svazek  |b nc  |2 rdacarrier 
504 |a Obsahuje bibliografie 
650 0 7 |a dějepis  |7 ph117186  |2 czenas 
650 0 7 |a světové dějiny  |7 ph117271  |2 czenas 
650 0 7 |a učivo středních škol  |7 ph136702  |2 czenas 
650 0 7 |a maturitní otázky  |7 ph136699  |2 czenas 
650 0 9 |a history (school subject)  |2 eczenas 
650 0 9 |a world history  |2 eczenas 
650 0 9 |a secondary school curriculum  |2 eczenas 
650 0 9 |a preparation for high school equivalency examinations  |2 eczenas 
651 7 |a Česko  |7 ge128065  |x dějiny  |2 czenas 
651 9 |a Czechia  |x history  |2 eczenas 
655 7 |a příručky  |7 fd133209  |2 czenas 
655 9 |a handbooks and manuals  |2 eczenas 
910 2 |a BOA001  |b 3-1556.398 
990 |a BK 
995 |a 01 
991 |b 202602  |c NOV 
996 6 |b 2611024243  |c 3-1556.398  |l MZK  |r Sklad / do 1 hodiny  |n 0  |p p.v.  |w 002031504  |u 000010  |a 1  |e BOA001  |j MZK50  |s P 
996 7 |b 2611028022  |c 3-1556.398  |l Vol.výběr  |r VV 1p  |n 2  |p kup  |h 93/94 ŠMÍ  |w 002031504  |u 000020  |a 0  |e BOA001  |j MZK50  |s A 
996 7 |b 2611028023  |c 3-1556.398  |l Vol.výběr  |r VV 1p  |n 1  |p kup  |h 93/94 ŠMÍ  |w 002031504  |u 000030  |a 0  |e BOA001  |j MZK50  |s A